000
00286nam a2200121Ia 4500
008
240731s9999 xx 000 0 und d
022
_a
1753-5972
245
0
_a
Myth & Symbol
260
_b
Routledge
856
_u
https://www.tandfonline.com/loi/rmas20
942
_2
ddc
942
_c
TFEJ
999
_c
78635
_d
78635
945
_a
1
_b
Madushi Gamage
_c
1
_d
Madushi Gamage